Mood Keblack - Statistiques

Statistiques générales
  • Ce quiz a été pris 56 fois
  • Le résultat moyen est 146 sur 240
Statistiques - réponses
Réponse % Correct
à
94%
a
94%
un
94%
elle
91%
me
91%
mood
91%
m'a
88%
ma
88%
ça
85%
nouveau
85%
rien
85%
dans
79%
le
79%
mauvais
79%
mec
79%
miel
79%
tu
79%
de
76%
en
76%
j'ai
76%
j'suis
76%
m'déteste
76%
nous
76%
pour
76%
qu'à
76%
qu'elle
76%
abeilles
74%
c'est
74%
Entre
74%
entre
74%
la
74%
part
74%
pris
74%
sais
74%
les
71%
m'dit
71%
base
68%
sentent
68%
viennent
68%
avant
65%
comme
65%
d'nouveau
65%
elles
65%
te
62%
autre
59%
même
59%
quand
59%
si
59%
avec
56%
déteste
56%
tête
56%
mort
53%
on
53%
rentrer
53%
Ah
50%
du
50%
ingrats
50%
plus
50%
quoi
47%
croyais
44%
fuck
44%
faire
41%
reconnaissent
41%
vélo
41%
voulais
41%
vrais
38%
ton
35%
y
35%
autres
32%
chippendales
32%
pièce
32%
qu'c'est
32%
non
29%
t'es
29%
bien
26%
encore
26%
maman
26%
refroidi
26%
ta
26%
today
26%
donc
24%
faisait
24%
laisse
24%
m'appelle
24%
odeur
24%
oublie
24%
peine
24%
pleurer
24%
voir
24%
caisse
21%
coeur
21%
donne
21%
moi
21%
paix
21%
sans
21%
humeur
18%
j'répondrai
18%
attendre
15%
retour
15%
Aucun quiz correspondant
Distribution des résultats
% des personnes avec chaque résultat
Percentile par nombre de réponses
Votre historique - résultats
Vous n’avez pas pris ce quiz